<?xml version="1.0" encoding="UTF-8"?><?xml-stylesheet type="text/xsl" href="static/style.xsl"?><OAI-PMH xmlns="http://www.openarchives.org/OAI/2.0/" xmlns:xsi="http://www.w3.org/2001/XMLSchema-instance" xsi:schemaLocation="http://www.openarchives.org/OAI/2.0/ http://www.openarchives.org/OAI/2.0/OAI-PMH.xsd"><responseDate>2026-06-02T21:36:37Z</responseDate><request verb="GetRecord" identifier="oai:riuma.uma.es:10630/6442" metadataPrefix="marc">https://riuma.uma.es/rest/oai/request</request><GetRecord><record><header><identifier>oai:riuma.uma.es:10630/6442</identifier><datestamp>2026-02-03T12:52:54Z</datestamp><setSpec>com_10630_5701</setSpec><setSpec>com_10630_3139</setSpec><setSpec>com_10630_10</setSpec><setSpec>col_10630_6433</setSpec></header><metadata><record xmlns="http://www.loc.gov/MARC21/slim" xmlns:dcterms="http://purl.org/dc/terms/" xmlns:doc="http://www.lyncode.com/xoai" xmlns:xsi="http://www.w3.org/2001/XMLSchema-instance" xsi:schemaLocation="http://www.loc.gov/MARC21/slim http://www.loc.gov/standards/marcxml/schema/MARC21slim.xsd">
   <leader>00925njm 22002777a 4500</leader>
   <datafield ind2=" " ind1=" " tag="042">
      <subfield code="a">dc</subfield>
   </datafield>
   <datafield ind2=" " ind1=" " tag="720">
      <subfield code="a">Vara Muñoz, José Luís</subfield>
      <subfield code="e">author</subfield>
   </datafield>
   <datafield ind2=" " ind1=" " tag="260">
      <subfield code="c">2010</subfield>
   </datafield>
   <datafield ind2=" " ind1=" " tag="520">
      <subfield code="a">Las investigaciones realizadas con análisis de textos por la Geografía de la percepción han sido escasas y han participado del criticado criterio metodológico de contraposición del espacio vivido frente al espacio objetivo. Puesto que el espacio es una categoría sin sustancia, es decir su sustancia es la relatividad, los soportes en los que queda plasmada esa relatividad son tan importantes como el estudio del espacio mismo. El lenguaje es una plataforma para el “desvelamiento” de la realidad, como afirmó el Existencialismo. Descubrió que en el lenguaje se daba la confluencia entre el mundo, lo que llamamos realidad, y la vivencia. La Fenomenología, por su parte, fue una reacción anticuantitativa para la que el texto se convertía en expresión natural y espontánea de la realidad, que siempre es subjetiva puesto que el espacio es tal solamente si lo existe para un sujeto individual o colectivo.</subfield>
   </datafield>
   <datafield ind2=" " ind1=" " tag="520">
      <subfield code="a">Text-analysis has been scarcely used by the Geography of Perception. And what is more, the works which had used it habitually followed the criticized methodology of comparison between the objective and subjective conceptions of space. Presuming that space is a category without substance, that is substance as being relative, it is important to note that the support systems in which this relativity is based are as important as the study of space itself. Existential philosophy affirmed that texts are ways to “unveil” the confluence between reality, life and experience. Moreover, the anti-quantitative Phenomenology established that texts are natural and spontaneous expressions of reality, forever subjective, because it always is real only for an individual or collective subject.</subfield>
   </datafield>
   <datafield ind1="8" ind2=" " tag="024">
      <subfield code="a">VARA MUÑOZ, JOSÉ LUÍS "Análisis de textos en geografía de la percepción : estado de la cuestión y bases conceptuales" Baética, 32, 2010, 127-146</subfield>
   </datafield>
   <datafield ind1="8" ind2=" " tag="024">
      <subfield code="a">0212-5099</subfield>
   </datafield>
   <datafield ind1="8" ind2=" " tag="024">
      <subfield code="a">http://hdl.handle.net/10630/6442</subfield>
   </datafield>
   <datafield tag="653" ind2=" " ind1=" ">
      <subfield code="a">Percepción geográfica</subfield>
   </datafield>
   <datafield ind2="0" ind1="0" tag="245">
      <subfield code="a">Análisis de textos en geografía de la percepción : estado de la cuestión y bases conceptuales</subfield>
   </datafield>
</record>
</metadata></record></GetRecord></OAI-PMH>